| 000 | 00915nam a2200253 a 4500 | ||
|---|---|---|---|
| 003 | BLK | ||
| 005 | 20250625132654.0 | ||
| 008 | 201221b bu ||||gr|||| 00| | bu d | ||
| 020 | _a9786197614473 | ||
| 040 | _aBLK | ||
| 041 |
_aBUL _cBUL |
||
| 080 |
_aБългарска литература _b821.163.2 _x-32 _z821.163.2-32 |
||
| 100 |
_aБърдаров, Георги Костадинов _d1973- _gГеограф. Писател. _9379995 |
||
| 139 |
_aБърдаров, Георги Костадинов _bБ 93 |
||
| 245 |
_aДо последната минута - част 2 : разкази _cГеорги Бърдаров |
||
| 257 | _aBGR | ||
| 260 |
_9394110 _aСофия _bМусагена _c2023 |
||
| 300 |
_a173 с. _c21 см |
||
| 380 | _aX | ||
| 852 | _aЦб 324721 | ||
| 942 |
_cKNG _n0 _s1 _072 |
||
| 944 |
_cНора Радева _k30560 _lГеновева Генчева |
||
| 999 |
_c517502 _d517502 |
||
| 999 | _d517502 | ||